[Event "Stay Safe Play From Home 169"]
[Site "T#646312Emanuel Laske"]
[Date "2020.05.24"]
[Round "9"]
[White "Weltszmerc"]
[Black "The Next Contender"]
[Result "1-0"]
[WhiteElo "2023"]
[BlackElo "1853"]
[PlyCount "71"]
[EventDate "2020.05.24"]
[EventType "swiss (blitz)"]

1. d4 {[%emt 0:00:01]} d5 {[%emt 0:00:01]} 2. c4 {[%emt 0:00:01]} c6 {[%emt 0:00:01]} 3. Nf3 {[%emt 0:00:00]} Nf6 {[%emt 0:00:00]} 4. g3 {[%emt 0:00:00]} e6 {[%emt 0:00:01]} 5. Bg2 {[%emt 0:00:00]} g6 {[%emt 0:00:00]} 6. O-O {[%emt 0:00:00]} Bg7 {[%emt 0:00:00]} 7. Nbd2 {[%emt 0:00:00]} O-O {[%emt 0:00:01]} 8. Qc2 {[%emt 0:00:00]} b6 {[%emt 0:00:00]} 9. e4 {[%emt 0:00:00]} Bb7 {[%emt 0:00:01]} 10. cxd5 {[%emt 0:00:01]} cxd5 {[%emt 0:00:02]} 11. e5 {[%emt 0:00:00]} Nfd7 {[%emt 0:00:02]} 12. b4 {[%emt 0:00:02]} a6 {[%emt 0:00:01]} 13. a3 {[%emt 0:00:01]} Nc6 {[%emt 0:00:01]} 14. Bb2 {[%emt 0:00:00]} Rc8 {[%emt 0:00:01]} 15. Qb1 {[%emt 0:00:01]} b5 {[%emt 0:00:03]} 16. Nb3 {[%emt 0:00:01]} a5 {[%emt 0:00:02]} 17. Nc5 {[%emt 0:00:01]} Nxc5 {[%emt 0:00:03]} 18. bxc5 {[%emt 0:00:01]} b4 {[%emt 0:00:02]} 19. axb4 {[%emt 0:00:01]} Nxb4 {[%emt 0:00:00]} 20. Bc3 {[%emt 0:00:01]} Ba6 {[%emt 0:00:01]} 21. Bxb4 {[%emt 0:00:01]} Bxf1 {[%emt 0:00:02]} 22. Bxa5 {[%emt 0:00:00]} Qd7 {[%emt 0:00:17]} 23. Bxf1 {[%emt 0:00:02]} Rb8 {[%emt 0:00:00]} 24. Bb6 {[%emt 0:00:02]} Rb7 {[%emt 0:00:01]} 25. Bb5 {[%emt 0:00:01]} Qe7 {[%emt 0:00:02]} 26. Bc6 {[%emt 0:00:02]} Rbb8 {[%emt 0:00:01]} 27. Qc2 {[%emt 0:00:03]} Rfc8 {[%emt 0:00:02]} 28. Ra7 {[%emt 0:00:03]} Qf8 {[%emt 0:00:04]} 29. Bd7 {[%emt 0:00:01]} Rxb6 {[%emt 0:00:03]} 30. Bxc8 {[%emt 0:00:01]} Qxc8 {[%emt 0:00:01]} 31. Kg2 {[%emt 0:00:03]} Qb7 {[%emt 0:00:01]} 32. Rxb7 {[%emt 0:00:01]} Rxb7 {[%emt 0:00:01]} 33. c6 {[%emt 0:00:00]} Rc7 {[%emt 0:00:00]} 34. Qc5 {[%emt 0:00:00]} Bf8 {[%emt 0:00:01]} 35. Qb6 {[%emt 0:00:01]} Ra7 {[%emt 0:00:01]} 36. Qxa7 {[%emt 0:00:01] The Next Contender resigns (Lag: Av=0.77s, max=1.3s)} 1-0